000 00370pab a2200157 454500
008 180718b2011 xxu||||| |||| 00| 0 eng d
100 _aHill, Jnc
245 _aIslamism and democracy in the Modern Maghreb
260 _c2011
300 _ap.1089-1105.
650 _aDemocracy
650 _aIslam
773 _aThird World Quarterly
908 _aN
909 _a92562
999 _c92562
_d92562